000 00981nam a22002417a 4500
999 _c5274
_d5274
003 AR-CdUCM
008 190312b ||||| |||| 00| 0 spa d
040 _aMUNICIPALIDAD PROVINCIAL DEL CUSCO
_cBIBLIOTECA MUNICIPAL DEL CUSCO
082 _a980.530063 /
_bC 3
110 _aCongreso Peruano: El hombre y la cultura andina.
_915950
245 _aEl hombre y la cultura andina :
_bactas y trabajos ( tercer congreso peruano) /
246 _aIII Congreso peruano.
260 _aLima :
_bEditora Lasontay,
_c1978-1980.
300 _a1076 páginas ;
_c20.5 cm.
505 _aContenido: Antropología física -- Alimentación y recursos naturales -- Urbanización contemporánea -- Historia del arte popular -- Folklore -- Lingüística ...
650 _aCultura andina
_95789
650 _aHombre - Sociedad andina
_915951
650 _aAnde
_93601
650 _aPerú - Cultura
_915952
700 _aMatos M., Ramiro (Editor)
_915953
942 _2ddc
_cLIBROS
945 _alccs